I liga - kluby piłkarskie - Statystyki

Ogólne statystyki
  • Ten quiz został rozwiązany 196 razy
  • Średni wynik to 9 z 18
Statystyki odpowiedzi
Hint Odpowiedź % Poprawnych
2 ŁKS Łódź
81%
15 GKS Katowice
69%
1 Raków Częstochowa
65%
3 Stal Mielec
59%
5 Podbeskidzie
57%
10 GKS Tychy
55%
4 Sandecja Nowy Sącz
55%
12 Chrobry Głogów
47%
16 Stomil Olsztyn
47%
8 Chojniczanka
44%
13 Warta Poznań
44%
14 Wigry Suwałki
43%
18 Garbarnia
39%
11 Odra Opole
38%
7 Bruk-Bet Termalica
37%
6 GKS Jastrzębie
36%
9 Puszcza
36%
17 Bytovia Bytów
31%
Nie znaleziono quizów pasujących do podanych kryteriów
Rozkład punktacji
Procent ludzi z każdym wynikiem
Percentyl według liczby udzielonych odpowiedzi
Twoja historia wyników
Nie rozwiązałeś tego quizu